00378nam a2200133 a 450000500170000000800410001702000180005805000310007610000200010724500410012726000410016830000220020965000130023120140310183348.0070526s19uu xx 00 eng d a0-446-60408-9 aPS 3569.H3927b.Sh544 1997 aSheldon, Sidney aThe best laid plans.cSidney Sheldon aNew York :bWarner Books Inc,c1997. a372 p. :c17 cm.  aFiction.